| 000 | 00543nam a2200169 i 4500 | ||
|---|---|---|---|
| 001 | 130202 | ||
| 003 | ES-MaACL | ||
| 005 | 20231027063028.0 | ||
| 007 | t| | ||
| 008 | 070723s1921 sp ||||1| spa d | ||
| 100 | 1 |
_aZweig, Stefan, _d1881-1942 _9118562 |
|
| 245 | 1 | 0 |
_aRoman Rolland _b: the man and his work / _cby Stefan Zweig ; translated from the original manuscript by Eden and Cedar Paul. |
| 260 |
_aLondon : _bGeorge Allen, _c[1921] |
||
| 300 |
_a377 p. ; _c24 cm. |
||
| 852 |
_aES-MaACL _jC-3591 |
||
| 999 |
_c130202 _d130202 |
||